000
00272nam a2200109Ia 4500
008
190913s9999||||xx |||||||||||||| ||und||
100
_a
John Hendry
245
0
_a
European Cases In Strategic Management
260
_a
India
_b
Prentice Hall
_c
2013
300
_a
500
942
_c
BK
999
_c
8323
_d
8323